A waste of space? (Record no. 104737)
[ view plain ]
| 000 -LEADER | |
|---|---|
| fixed length control field | 00749cab a2200205 4500 |
| 001 - CONTROL NUMBER | |
| control field | ##L131384 |
| 008 - FIXED-LENGTH DATA ELEMENTS--GENERAL INFORMATION | |
| fixed length control field | 050727n2005 000 0 eng u |
| 035 ## - SYSTEM CONTROL NUMBER | |
| System control number | (Sirsi) u131384 |
| 041 0# - LANGUAGE CODE | |
| Language code of text/sound track or separate title | eng |
| 100 ## - MAIN ENTRY--PERSONAL NAME | |
| Personal name | Fenwick, Jane |
| 245 02 - TITLE STATEMENT | |
| Title | A waste of space? |
| 260 ## - PUBLICATION, DISTRIBUTION, ETC. | |
| Date of publication, distribution, etc. | 2005 |
| 490 #0 - SERIES STATEMENT | |
| Series statement | Premises and Facilities Management |
| Volume/sequential designation | October 2005, 33-34(3) |
| 520 ## - SUMMARY, ETC. | |
| Summary, etc. | Examines research which shows that office space is being used inefficiently and that it is failing the needs of business. Looks at two recent reports and discusses their findings and how this can be reflected in company productivity. |
| 590 ## - LOCAL NOTE (RLIN) | |
| Local note | IKA081105 |
| 690 ## - LOCAL SUBJECT ADDED ENTRY--TOPICAL TERM (OCLC, RLIN) | |
| Topical term or geographic name as entry element | MANAGEMENT-FACILITIES MANAGEMENT |
| 700 1# - ADDED ENTRY--PERSONAL NAME | |
| Personal name | Ney, Lydia |
| 700 1# - ADDED ENTRY--PERSONAL NAME | |
| Personal name | Harrington, Jacqui |
| 942 ## - ADDED ENTRY ELEMENTS (KOHA) | |
| Suppress in OPAC | 0 |
| Withdrawn status | Lost status | Source of classification or shelving scheme | Damaged status | Not for loan | Home library | Current library | Shelving location | Date acquired | Total Checkouts | Full call number | Barcode | Date last seen | Copy number | Price effective from | Koha item type |
|---|---|---|---|---|---|---|---|---|---|---|---|---|---|---|---|
| Dewey Decimal Classification | London | London | Journal article | 28/10/2005 | L131384 | 131384-1001 | 06/08/2019 | 1 | 06/08/2019 | Journal article |